HUMAN ANATOMY:HEAD AND NECK [VOL-3] (Record no. 7848)

MARC details
000 -LEADER
fixed length control field 00441nam a22001817a 4500
005 - DATE AND TIME OF LATEST TRANSACTION
control field 20220120122147.0
008 - FIXED-LENGTH DATA ELEMENTS--GENERAL INFORMATION
fixed length control field 220120b ||||| |||| 00| 0 eng d
020 ## - INTERNATIONAL STANDARD BOOK NUMBER
ISBN 978-93-88902-75-5
041 ## - LANGUAGE CODE
Language code of text/sound track or separate title eng
082 ## - DEWEY DECIMAL CLASSIFICATION NUMBER
Classification number 611.9
100 ## - MAIN ENTRY--AUTHOR NAME
Personal name CHAURASIA'S, B.D
245 ## - TITLE STATEMENT
Title HUMAN ANATOMY:HEAD AND NECK [VOL-3]
250 ## - EDITION STATEMENT
Edition statement 8TH, ED.
260 ## - PUBLICATION, DISTRIBUTION, ETC. (IMPRINT)
Place of publication NEW DELHI
Name of publisher C.B.S PVT LTD
Year of publication 2020
300 ## - PHYSICAL DESCRIPTION
Number of Pages 365;p
650 ## - SUBJECT ADDED ENTRY--TOPICAL TERM
Topical Term BPT
942 ## - ADDED ENTRY ELEMENTS (KOHA)
Koha item type Books
Holdings
Lost status Damaged status Collection code Home library Current library Shelving location Date acquired Source of acquisition Cost, normal purchase price Full call number Accession Number Koha item type
    PHYSIOTHERAPY JRU Library JRU Library Shelf - 24- A 20/01/2022 PURCHASE 875.00 611.9 25890 Books
    PHYSIOTHERAPY JRU Library JRU Library Shelf - 24- A 20/01/2022 PURCHASE 875.00 611.9 25891 Books
    Reference JRU Library JRU Library Shelf - 24- A 20/01/2022 PURCHASE 875.00 611.9 25892 Books
    PHYSIOTHERAPY JRU Library JRU Library Shelf - 24- A 20/01/2022 PURCHASE 875.00 611.9 25893 Books
    PHYSIOTHERAPY JRU Library JRU Library Shelf - 24- A 20/01/2022 PURCHASE 875.00 611.9 25894 Books